Faculty of Law Library — Cairo University

Official Online Catalog

ماهية العقد الدولي : (Record no. 63277)

MARC details
000 -LEADER
fixed length control field 01211nam a22002897i 4500
003 - CONTROL NUMBER IDENTIFIER
control field EG-GICUC
005 - DATE AND TIME OF LATEST TRANSACTION
control field 20260217140622.0
008 - FIXED-LENGTH DATA ELEMENTS--GENERAL INFORMATION
fixed length control field 260217s2007 ua |||fr|||| 000 0 ara d
040 ## - CATALOGING SOURCE
Original cataloging agency EG-GICUC
Language of cataloging ara
Transcribing agency EG-GICUC
Modifying agency EG-GICUC
Description conventions rda
041 0# - LANGUAGE CODE
Language code of text/sound track or separate title ara
082 04 - DEWEY DECIMAL CLASSIFICATION NUMBER
Edition number 21
Classification number 341.78
Item number هـ ش . م
092 04 - LOCALLY ASSIGNED DEWEY CALL NUMBER (OCLC)
Edition number 21
099 ## - LOCAL FREE-TEXT CALL NUMBER (OCLC)
Classification number Law1 11 341.78 هـ ش . م 2007
100 0# - MAIN ENTRY--PERSONAL NAME
Personal name هشام خالد
Relator term مؤلف.
245 10 - TITLE STATEMENT
Title ماهية العقد الدولي :
Remainder of title دراسة فقهية قضائية مقارنة في الأنظمة القانونية الأنجلوسكسونية - اللاتينية - العربية والإتفاقيات الدولية /
Statement of responsibility, etc. تأليف هشام خالد.
264 #1 - PRODUCTION, PUBLICATION, DISTRIBUTION, MANUFACTURE, AND COPYRIGHT NOTICE
Place of production, publication, distribution, manufacture الأسكندرية :
Name of producer, publisher, distributor, manufacturer منشأة المعارف ،
Date of production, publication, distribution, manufacture, or copyright notice 2007.
300 ## - PHYSICAL DESCRIPTION
Extent 321 صفحة؛
Dimensions 24 سم
336 ## - CONTENT TYPE
Source rda content
Content type term text
337 ## - MEDIA TYPE
Source rda media
Media type term Computer
338 ## - CARRIER TYPE
Source rda carrier
Carrier type term Online Resource
504 ## - BIBLIOGRAPHY, ETC. NOTE
Bibliography, etc. note يشتمل على إرجاعات ببيلوجرافية.
650 14 - SUBJECT ADDED ENTRY--TOPICAL TERM
Topical term or geographic name entry element القانون الدولي العام
Form subdivision تشريع - تعاون دولي
Source of heading or term qrmak
651 1# - SUBJECT ADDED ENTRY--GEOGRAPHIC NAME
Source of heading or term qrmak
856 40 - ELECTRONIC LOCATION AND ACCESS
Uniform Resource Identifier <a href="https://fll.law.cu.edu.eg/fulltext/bks/B11-04917.pdf">https://fll.law.cu.edu.eg/fulltext/bks/B11-04917.pdf</a>
905 ## - Cataloger and Reviser Names
Cataloger Name: Eman Mostafa
942 ## - ADDED ENTRY ELEMENTS (KOHA)
Source of classification or shelving scheme Dewey Decimal Classification
Koha item type Books
Edition 21
Suppress in OPAC No
Holdings
Withdrawn status Lost status Source of classification or shelving scheme Damaged status Not for loan Collection Home library Current library Date acquired Total checkouts Full call number Barcode Date last seen Copy number Price effective from Koha item type
    Dewey Decimal Classification   Not for loan القانون الدولي العام جــــامعة القــاهرة مكتبة كلية الحقوق - المبنى الرئيسي 17.02.2026   Law1 11 341.78 هـ ش . م 2007 1104917 C1 B11-04917 17.02.2026 1 17.02.2026 Books
    Dewey Decimal Classification     القانون الدولي العام جــــامعة القــاهرة مكتبة كلية الحقوق - المبنى الرئيسي 17.02.2026   Law1 11 341.78 هـ ش . م 2007 1104918 C2 B11-04918 17.02.2026 2 17.02.2026 Books
    Dewey Decimal Classification     القانون الدولي العام جــــامعة القــاهرة مكتبة كلية الحقوق - المبنى الرئيسي 27.02.2026   Law2 11 341.78 هـ ش . م 2007 1107127 C3 B11-07127 27.02.2026 2 27.02.2026 Books

© All rights reserved — Faculty of Law, Cairo University